Direito das obrigacoes
Uloženo v:
| Hlavní autor: | |
|---|---|
| Médium: | Kniha |
| Jazyk: | portugalština |
| Vydáno: |
Coimbra
Almedina
2000
|
| Vydání: | 8a. ed |
| Témata: | |
| Tagy: |
Přidat tag
Žádné tagy, Buďte první, kdo vytvoří štítek k tomuto záznamu!
|
MARC
| LEADER | 00000nam a2200000 a 4500 | ||
|---|---|---|---|
| 001 | UCM7699 | ||
| 003 | CL-VaPUC | ||
| 008 | 030110e20000900PO |||||||||||||||||por|d | ||
| 082 | 0 | 4 | |a 346.02 |b ALM |2 21 |
| 100 | 0 | |a Almeida Costa, Mário Júlio de |e author |9 473317 | |
| 245 | 1 | 0 | |a Direito das obrigacoes |
| 250 | |a 8a. ed | ||
| 300 | |a 1060 p | ||
| 942 | |c BK | ||
| 945 | |d 20030110 00:00:00 |a vberengu | ||
| 260 | |a Coimbra |b Almedina |c 2000 | ||
| 650 | 7 | |a OBLIGACIONES - DERECHO Y LEGISLACION |2 CL-VaPUC |9 433998 | |
| 650 | 0 | |a Derecho de las obligaciones |9 328248 | |
| 650 | 0 | |a Contratos |9 255153 | |
| 583 | |a last modification |c 20030110 00:00:00 |k Rodrigo Vera | ||
| 999 | |c 302384 |d 302382 | ||
| 952 | |0 0 |1 0 |4 0 |6 346_020000000000000_ALM_2000 |7 0 |8 A |9 362875 |a BIBDER |b BIBDER |d 2019-11-21 |i 3876403 |o 346.02 ALM 2000 |p 3876403 |r 2023-01-25 |w 2019-11-21 |y BK |k DER | ||